Desarrollo de un modelo de estrategia competitiva en el departamento Service Net de Datacom
Guardado en:
| Hovedforfatter: | |
|---|---|
| Andre forfattere: | |
| Format: | Bog |
| Udgivet: |
San José, C.R.
1996
|
| Fag: | |
| Tags: |
Tilføj Tag
Ingen Tags, Vær først til at tagge denne postø!
|
MARC
| LEADER | 00000nam a2200000Ia 4500 | ||
|---|---|---|---|
| 003 | 007947 | ||
| 005 | 20221231144237.0 | ||
| 008 | 140114s1996 cr a m 000 ||s d | ||
| 040 | |c cru CEDI | ||
| 090 | |a TFG 3498 | ||
| 100 | |a Miralles, Montgomery |9 9838 | ||
| 245 | |a Desarrollo de un modelo de estrategia competitiva en el departamento Service Net de Datacom | ||
| 260 | |c 1996 |a San José, C.R. | ||
| 300 | |a 2 volúmenes : ilustraciones | ||
| 500 | |a Tesis (licenciatura en ingeniería industrial)--Universidad de Costa Rica. Facultad de Ingeniería. Escuela de Ingeniería Industrial | ||
| 650 | |x PLANIFICACION ESTRATEGICA |x DATACOM (COSTA RICA). SERVICE NET - ADMINISTRACION |9 9842 | ||
| 700 | |9 9841 |a Sánchez, Gisela | ||
| 942 | |c TFG | ||
| 999 | |c 18985 |d 18985 | ||
